Beginning HTML & CSS

Furkejuvvon:
Bibliográfalaš dieđut
Váldodahkki: Larsen, Rob
Materiálatiipa: Girji
Almmustuhtton: Wiley
Fáddágilkorat: Lasit fáddágilkoriid
Eai fáddágilkorat, Lasit vuosttaš fáddágilkora!

MARC

LEADER 00000nam a2200000Ia 4500
005 20260515061617.0
100 |a Larsen, Rob. 
020 |a 9781118340189 
942 |c BK 
245 |a Beginning HTML & CSS 
260 |b Wiley 
999 |c 68  |d 68 
952 |0 0  |1 0  |4 0  |7 0  |a ABDN  |b ABDN  |d 2026-05-15  |l 0  |p 000005  |r 2026-05-15 06:16:17  |w 2026-05-15  |y BK